000 01497nam a2200325 4500
001 178865
003 ES-MaACL
005 20230909102628.0
008 110721s2008 sp aco |||| |dspa d
020 _a978-84-935338-9-2
080 _a343.712.1(460.285 Montes de Toledo)(091)
080 _a355.425.4(460.285 Montes de Toledo)"1939/75"
100 1 _aLeblic García, Ventura.
_971024
245 1 0 _aGolfines, bandoleros y maquis en los Montes de Toledo /
_cVentura Leblic García, Juan José Fernández Delgado.
260 _aArgés (Toledo) :
_bCovarrubias,
_c[2008]
300 _a221 p. :
_bil., fot. ;
_c21 cm.
490 1 _aOretania
500 _aFilmografía.
504 _aBibliografía: p. 109-110, p. 209-211.
505 8 _aContiene: 1ª ;
_tEl bandolerismo y la guerrilla en los Montes de Toledo. Mitos y realidades /
_rV. Leblic García 2ª. --
_tEl maquis en los Montes de Toledo y en la Jara /
_rJ.J. Fernández Delgado
650 7 _aBandolerismo-
_zMontes de Toledo (España)
_9147411
650 7 _aGuerrillas-
_zMontes de Toledo (España)-
_y1939-1975.
_9147412
650 0 4 _aBandoleros-
_zEspaña-
_vHistoria.
_910499
700 1 _aFernández Delgado, Juan José.
_949738
830 0 _aOretania
_9224359
852 _aES-MaACL
_jA-11421
_9185730
_dOlim: N-4425
_cDEPO1
_xDonación: Juan José Fernández Delgago
_zDedicatoria autógrafa del autor
903 _949738
_aFernández Delgado, Juan José
_ednr
942 _2udc
_cMONOGRAFIA
999 _c178865
_d178865